MDQL
is popping MORE tags! Check the
thread
!
Quizzes
Events
Quiz Creation
Community
Videos
Private Events
Remove Ads
Sign In
Join for FREE
Feedback
Dark Mode
Quiz Categories
Sports
Geography
Music
Movies
Television
Just For Fun
Miscellaneous
History
Literature
Language
Science
Gaming
Entertainment
Religion
Holiday
For Kids
Quiz Lab
Recent
Popular Today
Quiz Kudos Today
Editor Picks
Curator Picks
Quizzes by...
Day
Popularity
Type
Ratings
Length
Year
Community
Subscriptions
Recent Discussions
Orange Saloon
Badges
Playlists
Quests
Create
Leaderboards
Showdown
Live 5
Trivia Bingo
Activity
Puzzle Library
Sporcle Events
Private Events
Virtual Trivia
Globe League
Become a Host
Pub Owners
SporcleCon
Opinionation
Our Games
Videos
Blog
Mobile Apps
Partnerships
Remove Ads and Go Orange
Feedback
Gaming
Video Games
Board Games
Card Games
Pokémon
Mario
Nintendo
Minecraft
Console
Toys
Legend of Zelda
Gaming
Video Games
Board Games
Card Games
Pokémon
Mario
Nintendo
Minecraft
Console
Toys
Legend of Zelda
Random Quiz
Search Sporcle
×
Curator Pick
Curator Pick
Gaming
Video Games
Type in answers that appear in a list
Type in answers that appear in a list
Classic
Best Score? Go Orange.
Minecraft Mob Drops Stats
Can you name the Items These Minecraft Mobs Drop?
By
J_Hamron
5m
119 Questions
25.6K Plays
25,639 Plays
25,639 Plays
Comments
Comments
Give Quiz Kudos
Give Quiz Kudos
-
- Ratings
hide this ad
Replay
Link that replays current quiz
Next Quiz
Link to next quiz in quiz playlist
You Got
0%
They Got
Avg Score
64%
Avg Friend Score
Upgrade to see
Score Distribution
Jump to the score distribution portion of the page
Score
0/119
Timer
05:00
3
Plays Today
Mob
Drop
% Correct
Zombie Horse
Rotten Flesh
85.8%
Cow
Steak
85.6%
Mooshroom
Steak
85.6%
Zombie
Rotten Flesh
85.3%
Zombie Pigman
Rotten Flesh
85.3%
Skeleton Horse
Bone
83.8%
Skeleton
Bone
82.2%
Wither Skeleton
Bone
81.7%
Spider
Spider Eye
81.4%
Cave Spider
Spider Eye
81.4%
Witch
Spider Eye
81%
Chicken
Raw Chicken
80.7%
Mooshroom
Raw Beef
80.7%
Cow
Raw Beef
80.7%
Chicken
Cooked Chicken
80.3%
Zombie
Iron Ingot
79%
Iron Golem
Iron Ingot
79%
Zombie Pigman
Gold Sword
79%
Zombie
Iron Sword
78.2%
Creeper
Gunpowder
78.1%
Ghast
Gunpowder
78.1%
Wither Skeleton
Stone Sword
77.9%
Witch
Gunpowder
77.6%
Cow
Leather
77.5%
Mooshroom
Leather
77.5%
Pig
Raw Porkchop
77.1%
Pig
Cooked Porkchop
77.1%
Mooshroom
Mushroom
76.8%
(Elder) Guardian
Experience
76.3%
Rabbit
Experience
76.3%
Skeleton Horse
Experience
76.3%
Zombie Horse
Experience
76.3%
Endermite
Experience
76.3%
Cow
Milk
75.4%
Mooshroom
Milk
75.4%
Skeleton
Bow
75.3%
Pig
Experience
74.7%
Cow
Experience
74.7%
Sheep
Experience
74.7%
Chicken
Experience
74.7%
Mob
Drop
% Correct
Mooshroom
Experience
74.7%
Squid
Experience
74.7%
Zombie
Experience
74.7%
Spider
Experience
74.7%
Creeper
Experience
74.7%
Enderman
Experience
74.7%
Slime
Experience
74.7%
Cave Spider
Experience
74.7%
Ghast
Experience
74.7%
Magma Cube
Experience
74.7%
Blaze
Experience
74.7%
Skeleton
Experience
74.7%
Zombie Pigman
Experience
74.7%
Ocelot
Experience
74.7%
Wolf
Experience
74.7%
Silverfish
Experience
74.7%
Ender Dragon
Experience
74.7%
Donkey (Mule)
Leather
74.6%
Horse
Leather
74.6%
Wither Skeleton
Experience
74.2%
Witch
Experience
74.2%
Wither
Experience
74.2%
Zombie Pigman
Gold Nugget
73.8%
Sheep
Raw Mutton
73.7%
Sheep
Cooked Mutton
73.4%
Cave Spider
String
72.9%
Spider
String
72.9%
Zombie
Random Armor
72.7%
Skeleton
Random Armor
72.7%
Zombie Pigman
Random Armor
72.7%
Sheep
Wool
72.5%
Horse
Experience
71.8%
Donkey (Mule)
Experience
71.8%
Zombie Pigman
Gold Ingot
71.8%
Chicken
Feather
71.5%
Chicken
Chicken Egg
71.3%
Donkey (Mule)
Horse Armor
70.8%
Horse
Horse Armor
70.8%
Skeleton
Arrow
69.9%
Witch
Potion of Healing
69.6%
Mob
Drop
% Correct
Iron Golem
Poppy
68.8%
Blaze
Blaze Rod
68.4%
Witch
Potion of Fire Resistance
68.1%
Witch
Potion of Swiftness
68%
Enderman
Ender Pearl
66.8%
Pig
Saddle
66.5%
Wither Skeleton
Wither Skeleton Skull
65.9%
Donkey (Mule)
Horse Saddle
65.6%
Horse
Horse Saddle
65.6%
Ghast
Ghast Tear
63.4%
Slime
Slimeball
63%
Mooshroom
Mushroom Stew
61.2%
Squid
Ink Sac
59.5%
Snow Golem
Snowball
58.3%
Rabbit
Cooked Rabbit
56.8%
Creeper
Music Disc
56.1%
Rabbit
Raw Rabbit
55.1%
Witch
Glass Bottle
51.6%
Zombie
Carrot
51.3%
Rabbit
Rabbit's Foot
51.2%
Witch
Redstone Dust
50.5%
Magma Cube
Magma Cream
50.3%
(Elder) Guardian
Raw Fish
50%
Witch
Glowstone Dust
49.5%
Donkey (Mule)
Chest
48.2%
Zombie
Potato
47.9%
Wither
Nether Star
46.9%
Zombie
Iron Shovel
46.8%
(Elder) Guardian
Wet Sponge
42.5%
Witch
Stick
42.2%
Wither Skeleton
Coal
41.6%
Rabbit
Rabbit Hide
41.5%
(Elder) Guardian
Prismarine Shard
40.1%
(Elder) Guardian
Prismarine Crystals
40%
(Elder) Guardian
Raw Salmon
33.4%
Witch
Sugar
33%
(Elder) Guardian
Pufferfish
31.8%
(Elder) Guardian
Clownfish
27.7%
Witch
Water Bottle
19.2%
Quiz Playlist
Details
Report
Send in Message
Add To Playlist
Classic:
Type in answers that appear in a list
Quiz Source
Last Updated: Aug 8, 2017
Curator Pick in
Minecraft
,
Video Games
,
Minecraft
Quiz Scoreboard
CHALLENGE
Sign Up to Join the Scoreboard
Show All
Scores
Hide
Comments
May contain spoilers
Recently Published
Two Season TV Shows II
by 123Four
Television
10m
Image Sorting: Flags VI
by Barbecue
Geography
2m
Find the 'City' Movie
by crazypaving
Movies
60s
More to Explore
Quiz From the Vault
Featured Blog Post
14 Easter Pick-up Lines to Find Eggs With
hide this ad
You Might Also Like...
Tags
Minecraft Quiz
Video Games Quiz
Drop
item
mob
Requirement
Today's Top Quizzes in Gaming
Browse Gaming
hide this ad
Today's Top Quizzes in Video Games
Browse Video Games
Top Contributed Quizzes in Gaming
1
League of Legends Pro Players by Career/Team History
2
Destiny 2 exotic weapons by perk icons
3
Genshin Impact Logic Puzzle
4
Genshin murder mystery
5
Dead By Daylight Logic Puzzle
6
4x4 Decades: Video Games
7
Ultimate Genshin Impact Logic Puzzle (up to 4.3)
8
Genshin Impact Logic Puzzle Quiz
9
Overwatch Logic Puzzle
10
Who's on the WWE 2K24 Cover?
Explore More
Trending Topics
Kpop
Disney
Anime
Marvel
Crossword
Harry Potter
NBA
WWE
Soccer
The Office
NFL
Pokémon
Song
Country
Puzzle
hide this ad
More By:
J_Hamron
Quiz
Plays
Rating
Category
Featured
Created
Video Game Character Logic Puzzle
104,479
3.43
Gaming
Nov 20, 2012
Minecraft Mob Drops
25,639
4.55
Gaming
Jul 9, 2012
Zelda Game Consoles
2,232
3.35
Gaming
Jul 16, 2012
Pokémon: Guess the Generation
1,924
4.00
Gaming
Jul 17, 2012
Kid Icarus: Uprising Characters by Quotes
877
5.00
Gaming
Jul 17, 2012
Go to Creator's Profile
Score Distribution
Quiz Creator Spotlight
J_Hamron
Follow
Send a Message
Quizzes Created
-
Created Quiz Play Count
-
More By This Creator
Popular Quizzes Today
1
Find the US States - No Outlines Minefield
2
Colored Red Africa Blitz
3
Find the 'City' Movie
4
5x2 Blitz: Bands
5
The Countries of the World
6
Find the Countries of Europe - No Outlines Minefield
7
Find the US States
8
US States
More Gaming Quizzes
Dragon Ball Z: Burst Limit Characters
Quiz Lab
Trending Quizzes
Colored Red Europe Blitz I
Colored Red Africa Blitz II
Colored Red Europe Blitz II
Colored Red Europe Blitz III
Colored Red Africa Blitz III
Recently Updated
How Do You Spell That?
pecheneg
Godzilla Movies
pecheneg
Grab Bag: 4-10 Letters
pecheneg
2024 March Madness Bracket
pecheneg
Famous TV Couples
Peacemaker
Champions League XIs: Real Madrid
pecheneg
Largest US Cities 1790-2010
pecheneg
Rides in Walt Disney World
pecheneg
Most Oscar Losses (Acting)
pecheneg
Beyoncé Albums
pecheneg
Trending Topics
Harry Potter
Crossword
Marvel
NBA
Disney
Kpop
Anime
NFL
WWE
The Office
Song
Pokémon
Country
Puzzle
Soccer
Your Account Isn't Verified!
In order to create a playlist on Sporcle, you need to verify the email address you used during registration. Go to your
Sporcle Settings
to finish the process.
Report this User
Report this user for behavior that violates our
Community Guidelines
.
Details:
Send Report
Go to the Sporcle.com Mobile Site →
Comments